| 000 | 00000nas 2200000za 4500 |
|---|---|
| 001 | 9.514551 |
| 003 | CaOODSP |
| 005 | 20220825092144 |
| 007 | ta |
| 008 | 150406c2000||||xxc|| m #||||f| |0eng|d |
| 040 | |aCaOODSP|beng |
| 043 | |an-cn--- |
| 086 | 1 |aEn152-1E |
| 110 | 2 |aSt. Lawrence Centre. |
| 245 | 10|aScientific and technical report |
| 260 | |aMontreal - Quebec : |bEnvironment Canada. |
| 775 | 08|tRapport scientifique et technique |w(CaOODSP)9.512953 |
| 776 | 0#|tScientific and technical report |w(CaOODSP)9.504971 |